Cricket: Best Test Bowler/Fielder Combinations - Statistics

General Stats
  • This quiz has been taken 24 times
  • The average score is 29 of 40
Answer Stats
Country Years Matches Wickets Bowler % Correct
AUS 1999-2007 70 59 Shane Warne
100%
Adam Gilchrist
95%
Adam Gilchrist
95%
Adam Gilchrist
95%
Adam Gilchrist
95%
AUS 1999-2007 71 90 Glenn McGrath
90%
AUS 1993-1999 52 58 Glenn McGrath
90%
AUS 1999-2008 65 81 Brett Lee
86%
SL 1997-2010 96 77 Muttiah Muralitharan
86%
SA 1998-2002 35 53 Allan Donald
81%
AUS 1971-1984 69 95 Dennis Lillee
81%
ENG 2007-2014 68 68 James Anderson
81%
AUS 2008-2015 52 71 Mitchell Johnson
81%
NZ 2009-2021* 60 75 Tim Southee
81%
NZ 2012-2021* 61 55 Trent Boult
81%
SA 1998-2009 96 84 Makhaya Ntini
76%
WI 1983-1991 68 71 Malcolm Marshall
76%
Rod Marsh
76%
SA 1997-2008 88 79 Shaun Pollock
76%
IND 1996-2008 107 55 Anil Kumble
71%
SA 1998-2012 137 69 Jacques Kallis
71%
ENG 1978-1984 51 60 Lord Ian Botham
71%
Mark Boucher
71%
Mark Boucher
71%
Mark Boucher
71%
Mark Boucher
71%
Mark Boucher
71%
SA 2005-2012 51 58 Dale Steyn
67%
Ian Healy
67%
Ian Healy
67%
Bob Taylor
62%
AUS 2000-2006 57 58 Jason Gillespie
62%
Mahela Jayawardene
62%
Rahul Dravid
62%
Brad Haddin
57%
BJ Watling
52%
BJ Watling
52%
Matt Prior
52%
Jeff Dujon
43%
AUS 1988-1996 48 55 Craig McDermott
38%
No matching quizzes found
Score Distribution
Percent of People with Each Score
Percentile by Number Answered
Your Score History
You have not taken this quiz